BTS In Every MV - Statistics

General Stats
  • This quiz has been taken 618 times
  • The average score is 24 of 34
Answer Stats
Picture Answer % Correct
Dope
93%
Dynamite
91%
IDOL
91%
Blood, Sweat & Tears
88%
Fake Love
87%
Permission to Dance
86%
Save Me
85%
Butter
83%
Just One Day
83%
MIC Drop
83%
Black Swan
81%
Not Today
81%
Airplane Pt.2
79%
No More Dream
79%
ON
78%
War Of Hormone
78%
Boy With Luv
76%
Run
71%
Boy In Luv
70%
My Universe
69%
Fire
67%
Life Goes On
67%
Danger
64%
DNA
63%
Yet To Come
62%
I Need U
61%
N.O
60%
We Are Bulletproof Pt.2
57%
Stay Gold
56%
Spring Day
51%
Lights
36%
Young Forever
36%
Film Out
23%
For You
18%
No matching quizzes found
Score Distribution
Percent of People with Each Score
Percentile by Number Answered
Your Score History
You have not taken this quiz